Science Quiz

Random Science or Biography Quiz

Scientists by Haiku Quiz Stats

 Plays Quiz Updated Nov 15, 2014

Also try: Astronomy by Haiku
Challenge
Share
Tweet
Embed
Score 0/16 Timer 04:00
0 Plays Today
Haiku Scientist % Correct
Relativity;
He made a theory out of,
Born in Germany
Albert Einstein
97.5%
He had a theory
'Evolution's real!' he said
Even wrote a book
Charles Darwin
92.1%
She married Pierre
Won the Nobel Prize with him
Also by herself
Marie Curie
89.8%
Three laws of motion
Built reflecting telescope
Studied speed of sound
Isaac Newton
88.6%
Kite experiment
Helped prove electricity
A founding father
Benjamin Franklin
83.8%
Threw balls from tower
The Sun MUST be the center,
It is not the Earth!
Galileo Galilei
79.6%
He invented lots
'The Wizard of Menlo Park'
He was often called
Thomas Edison
73.3%
Student of Plato
'Til he was thirty-seven
Studied term logic
Aristotle
71.1%
Haiku Scientist % Correct
'The Double Helix'
Co-discovered DNA
Francis Crick's partner
James Watson
69%
An electric car
Formed the basis of AC?
Can that really be?
Nikola Tesla
62.5%
Chimpanzee expert
Long stay in Tanzania
Animal welfare
Jane Goodall
60.7%
This man published the
Periodic table in
Eighteen-sixty-four
Dmitri Mendeleev
51%
A cryptanalyst
Who had a self-named machine
Died at forty-one
Alan Turing
37.4%
Helped describe optics,
Electricity and more
With equation sets
James Clerk Maxwell
17.1%
Discovered plenty
Electrolysis, benzene
And more among them
Michael Faraday
16.7%
Lady physicist
Deserved Nobel Prize; was snubbed,
Otto Hahn got it!
Lise Meitner
10.7%

You're not logged in!

Compare scores with friends on all Sporcle quizzes.
Join for Free
OR
Log In

You Might Also Like...

Show Comments

Extras

Top Quizzes Today


Score Distribution

Your Account Isn't Verified!

In order to create a playlist on Sporcle, you need to verify the email address you used during registration. Go to your Sporcle Settings to finish the process.

Report this User

Report this user for behavior that violates our Community Guidelines.

Details: